000 01177nam0a22002651 4500
001 v19\rc\1996817
005 20251118181245.2
035 _a(NLR Aleph) 005072831
090 _a7113870
_c7113870
100 _a20080811d1915 u y0rusy50 ca
101 0 _arus
102 _aRU
105 _aa z |||||
200 1 _aЗолото и золотой банк
_e(Значение золота для гос. и част.-хоз. жизни и необходимость орг. особого кредит. учреждения для нужд золотопром-сти)
_fС.С. Антонов
_gВторой Всерос. съезд золото-платинопромышленников
210 _a[Санкт-Петербург]
_cтип. "Якорь"
_d[1915]
215 _a22 с.
_cтабл.
_d25
309 _aБез тит. л. и обл.
700 1 _4340
_7ca
_8rus
_aАнтонов
_bС. С.
_cгос. чиновник
_f1871-
_gСергей Сергеевич
_9235071
_3RU\NLR\AUTH\770235127
801 0 _aRU
_bNLR
_gpsbo
801 0 _aRU
_bRuMoRGB
_2psbo
801 1 _aRU
_bProSoft-M
_2rusmarc
852 _aNLR
_j34.102.6.113
899 _aБАН
942 _cBOOK
980 _aNB